Metrología dimensional 3/J.Ramon Zeleny V. (Registro nro. 22266)
[ vista simple ]
| 000 -LÍDER | |
|---|---|
| fixed length control field | 00358nam a2200133 4500 |
| 008 - ELEMENTOS DE LONGITUD FIJA -- INFORMACIÓN GENERAL | |
| fixed length control field | 0 0a 000 0mex |
| 050 ## - SIGNATURA TOPOGRAFICA DE LA BIBLIOTECA DEL CONGRESO (LC) | |
| Número de Clasificación | T50 Z4 |
| 082 ## - NUMERO DE CLASIFICACION DECIMAL DEWEY | |
| Número de Clasificación | 621.994 Z49m |
| 100 ## - ASIENTO PRINCIPAL--NOMBRE PERSONAL | |
| Nombre personal | Zeleny V,J.Ramon |
| 245 ## - TÍTULO | |
| Título | Metrología dimensional 3/J.Ramon Zeleny V. |
| 260 ## - PUBLICACIÓN, DISTRIBUCIÓN, ETC. (PIE DE IMPRENTA) | |
| Lugar de publicación, distribución, etc. | México:Mitutoyo Mexicana |
| 300 ## - DESCRIPCIÓN FÍSICA | |
| Extensión | 198p./27cm. |
| 650 ## - ASIENTO SECUNDARIO DE MATERIA - TERMINO TEMÁTICO | |
| Término temático o nombre geográfico como elemento de entrada | 1.METROLOGIA |
| No. biblioteca | No. biblioteca | Número de clasificación | Código de barras/Número de adquisición | Número de copia | Tipo de material |
|---|---|---|---|---|---|
| LUIS G. INCLAN | LUIS G. INCLAN | 621.994 Z49m | 33243 | 4 | Libros |
| LUIS G. INCLAN | LUIS G. INCLAN | 621.994 Z49m | 33242 | 3 | Libros |
| LUIS G. INCLAN | LUIS G. INCLAN | 621.994 Z49m | 33246 | 7 | Libros |
| LUIS G. INCLAN | LUIS G. INCLAN | 621.994 Z49m | 33240 | 1 | Libros |
| LUIS G. INCLAN | LUIS G. INCLAN | 621.994 Z49m | 33245 | 6 | Libros |
| LUIS G. INCLAN | LUIS G. INCLAN | 621.994 Z49m | 33244 | 5 | Libros |
